Quiz sur le Rwanda - Statistiques

Statistiques générales
  • Ce quiz a été pris 2 819 fois
  • Le résultat moyen est 14 sur 20
Statistiques - réponses
Question Réponse % Correct
Pays frontaliers RD Congo
93%
Pays frontaliers Burundi
91%
Pays frontaliers Ouganda
89%
Pays européens qui ont colonisé le Rwanda Belgique
88%
Pays frontaliers Tanzanie
88%
Langues officielles Anglais
87%
Langues officielles Français
87%
Pays européens qui ont colonisé le Rwanda Allemagne
84%
Groupe ethnique qui fut la victime principale de ce génocide Tutsi
84%
Année du génocide rwandais 1994
82%
Capitale Kigali
81%
Avec le Mozambique, le Rwanda est le seul pays qui appartient à cette organisation internationale sans jamais avoir été une colonie britannique Commonwealth
74%
Le Rwanda est l'un des trois seuls pays dans lesquels la majorité des parlementaires sont des _____ Femmes
73%
Groupe ethnique qui a perpétré ce génocide Hutu
73%
Primate qui ne vit plus que dans 3 pays, dont le Rwanda {Gorille} des Montagnes
66%
Langues officielles Swahili
55%
Surnom souvent donné au Rwanda en raison de sa géographie Pays des mille {collines}
53%
Président du Rwanda depuis 2000 qui appartient à cette ethnie Paul Kagame
35%
Grand lac qui borde le Rwanda Lac Kivu
27%
Langues officielles Kinyarwanda
26%
Aucun quiz correspondant
Distribution des résultats
% des personnes avec chaque résultat
Percentile par nombre de réponses
Votre historique - résultats
Vous n’avez pas pris ce quiz